Holiday Quiz

Random Holiday or Blitz Quiz

20 Questions Wrong: Holiday Quiz Stats

 Plays Quiz Updated Jul 27, 2017

Score 0/20 Timer 02:00
5 Plays Today
Question Answer Wrong Answers
In which country is Bastille day observed? Canada
87.5%
France
10.9%
On which month of the Gregorian calendar is New Year's Day celebrated? December
84.7%
January
15.1%
Groundhog Day predicts the arrival of which season? Winter
83.3%
Spring
11.7%
Which Roman god is now commonly associated with Valentine's Day? Eros
82.6%
Cupid
14.4%
On which date of March is St. Patrick's Day celebrated? 15th
80.9%
17th
15%
Which carol includes the line 'Sleep in heavenly peace'? O Holy Night
80%
Silent Night
12.8%
What are people encouraged to talk like every year on September 19th? Robots
79.6%
Pirates
10.4%
What name is given in the US to the day after Thanksgiving? Boxing Day
75.8%
Black Friday
9.8%
On which holiday was the island of Rapa Nui discovered by Europeans, giving it its English name? Christmas
73.9%
Easter
17.1%
Which US Federal holiday is celebrated in May? Veterans Day
73.4%
Memorial Day
16%
Including Rudolph, how many reindeer are said to pull Santa's sleigh? 8
68.6%
9
30.8%
For how many nights is Hanukkah celebrated? 9
68.3%
8
22.3%
The celebration of which celestial body is held yearly on April 22? The Sun
66.9%
Earth
21.4%
According to the carol, what gift is given on the 12th day of Christmas? 12 pipers piping
64.2%
12 drummers drumming
29.8%
Eid al-Fitr is the religious festival that marks the end of which Islamic observance? Hajj
63.2%
Ramadan
14.1%
Kwanzaa's name comes from 'matuda ya kwanza,' meaning 'first fruits' in which language? Afrikaans
62%
Swahili
21.5%
Hangul Day is the yearly celebration of which alphabet? Chinese
52.5%
Korean
34.5%
Which fast food chain ran an April Fools' joke announcing a left-handed version of one of their products? McDonald's
50%
Burger King
41.9%
According to Hallmark, on which holiday are the most cards sent? Valentine's Day
39%
Christmas
54.4%
Which US president was BORN on the 4th of July? Thomas Jefferson
33.3%
Calvin Coolidge
47.8%

You're not logged in!

Compare scores with friends on all Sporcle quizzes.
OR
Log In

Show Comments

Extras

Top Quizzes Today


Score Distribution

Your Account Isn't Verified!

In order to create a playlist on Sporcle, you need to verify the email address you used during registration. Go to your Sporcle Settings to finish the process.

Report this User

Report this user for behavior that violates our Community Guidelines.

Details: